Kadra Polski na Mistrzostwa Europy w piłce nożnej 2016 - Statystyki

Ogólne statystyki
  • Ten quiz został rozwiązany 1 397 razy
  • Średni wynik to 18 z 24
Statystyki odpowiedzi
Pozycja Klub Nazwisko % Poprawnych
Bramkarz AS Roma Wojciech Szczęsny
99%
Napastnik Bayern Monachium Robert Lewandowski
98%
Bramkarz Swansea Łukasz Fabiański
97%
Napastnik Ajax Amsterdam Arkadiusz Milik
96%
Pomocnik Sevilla Grzegorz Krychowiak
93%
Obrońca Torino Kamil Glik
93%
Obrońca Borussia Dortmund Łukasz Piszczek
93%
Obrońca Legia Warszawa Michał Pazdan
93%
Pomocnik Fiorentina Jakub Błaszczykowski
90%
Selekcjoner Adam Nawałka
88%
Obrońca Legia Warszawa Artur Jędrzejczyk
87%
Pomocnik Stade Rennais Kamil Grosicki
85%
Pomocnik Empoli Piotr Zieliński
85%
Bramkarz A.F.C. Bournemouth Artur Boruc
82%
Pomocnik Cracovia Bartosz Kapustka
73%
Obrońca Palermo Thiago Cionek
70%
Pomocnik Wisła Kraków Krzysztof Mączyński
67%
Pomocnik Lechia Gdańsk Sławomir Peszko
54%
Pomocnik Lech Poznań Karol Linetty
51%
Obrońca Lechia Gdańsk Jakub Wawrzyniak
50%
Napastnik Ruch Chorzów Mariusz Stępiński
50%
Pomocnik Zagłębie Lubin Filip Starzyński
46%
Pomocnik Legia Warszawa Tomasz Jodłowiec
44%
Obrońca Cagliari Calcio Bartosz Salamon
40%
Nie znaleziono quizów pasujących do podanych kryteriów
Rozkład punktacji
Procent ludzi z każdym wynikiem
Percentyl według liczby udzielonych odpowiedzi
Twoja historia wyników
Nie rozwiązałeś tego quizu